| 000 | 00660cam a22002177a 4500 | ||
|---|---|---|---|
| 999 |
_c8836 _d8836 |
||
| 003 | OSt | ||
| 005 | 20260407142042.0 | ||
| 008 | 050418s2005 enkab f b 001 0 eng d | ||
| 020 |
_a9781412903622 _q(pbk.) |
||
| 082 | 0 | 4 |
_a304.201 _222 |
| 100 | 1 | _aMassey, Doreen B. | |
| 245 | 1 | 0 |
_aFor space / _cDoreen Massey. |
| 260 |
_aLondon ; _aThousand Oaks, Calif. : _bSAGE, _c2005. |
||
| 300 |
_aviii, 222 p. : _bill., maps ; _c25 cm. |
||
| 504 | _aIncludes bibliographical references (p. [204]-216) and index. | ||
| 650 | 0 | _aGeographical perception. | |
| 650 | 0 | _aPolitical geography. | |
| 650 | 0 | _aGlobalization. | |
| 650 | 0 |
_aRegionalism _xPhilosophy. |
|
| 942 | _2ddc | ||